|
|
|
|
| LEADER |
00000cac a2200000 a 4500 |
| 003 |
Ucuenca |
| 005 |
20231028063131.0 |
| 008 |
000000|1967 sp |||||r|||||||||||spa|| |
| 040 |
|
|
|b spa
|
| 041 |
0 |
|
|a es
|
| 082 |
0 |
|
|a 721
|
| 100 |
1 |
|
|a Arquero Esteban, Francisco.
|9 33434
|
| 245 |
|
|
|a Cálculo práctico del hormigón armado
|c Francisco Arquero Esteban
|h imp
|n tomo 1
|
| 250 |
|
|
|a 7a ed.
|
| 264 |
|
|
|a Barcelona
|b CEAC
|c 1967
|
| 300 |
|
|
|a 237 páginas:
|b ilu
|c 21.5 cm
|
| 490 |
|
|
|a Monografías CEAC sobre Construcción y Arquitectura
|n no. 19
|
| 504 |
|
|
|a incl. ref.
|
| 650 |
|
0 |
|a Hormigón armado
|9 33527
|
| 650 |
|
0 |
|a Construccion arquitectonica
|9 33317
|
| 650 |
|
0 |
|a Metodo de gross
|9 188000
|
| 650 |
|
7 |
|a Arquitectura
|9 5671
|
| 852 |
|
|
|a UC-CDJBV
|f Compra
|l 1
|m General
|p 00000000
|q 3.00
|r 2
|t si11268
|b 0
|d CDRC
|e CDRC
|g 721 SEGUNDO PISO
|z 0000-00-00
|
| 942 |
|
|
|c CR
|2 ddc
|r sergio.cajamarca@ucuenca.edu.ec
|
| 999 |
|
|
|c 118958
|d 118958
|